000 00466nam a2200157Ia 4500
008 140527s9999 xx 000 0 und d
020 _a9781194756112
050 _aPE 112
_b.L486 2011
100 _aBrooks, Margaret
245 _aQ: Skills for success 2 :
_blistening and speaking /
_cMargaret Brooks.
260 _aNew York :
_bOxford University Press
_cc2011.
300 _a205 p. :
_bcol. Ill. ;
_c25 cm.
521 _aGE
942 _kFOR
_cBK
999 _c117511
_d117511